000 00349nam a2200121Ia 4500
005 20260328104342.0
008 260328s9999||||xx |||||||||||||| ||und||
100 _aTéllez Castañeda, Germán
245 0 _aGermán Téllez, escribir con luz /
_cGermán Téllez Castañeda
260 _bUniversidad de los Andes
650 _aARQUITECTOS
942 _cBK
999 _c12161
_d12161